| 000 | 00624nam a22002417a 4500 | ||
|---|---|---|---|
| 003 | UA-OsUOA | ||
| 001 | 79629 | ||
| 007 | ta | ||
| 008 | 20111116b un ||||| |||| 00| 0 ukr d | ||
| 100 | _aРоглєв Х.Й. | ||
| 090 |
_a640.41:658 _bР59 |
||
| 942 | _cBK | ||
| 040 |
_aUA-OsUOA _bukr _cUA-OsUOA _dUA-OsUOA |
||
| 245 |
_aОснови готельного менеджменту _bпідручник |
||
| 300 | _a408 с. | ||
| 955 | _a2 | ||
| 041 | _aukr | ||
| 080 | _a640.41:658 | ||
| 020 | _a955-8251-74-1 | ||
| 260 |
_aК. _bКондор _c2009 |
||
| 650 | 7 |
_a64 Домоведення _2UDC |
|
| 999 |
_c365948 _d365948 |
||